000
00324nam a2200145Ia 4500
008
230718s9999 xx 000 0 und d
041
_a
Eng.
082
_a
973
_b
SYE-T
100
_a
Syed Anwar
245
0
_a
Tarikha gilgat
260
_a
Pakistan
_b
Jhamori Publishers
_c
2013
300
_a
192
650
_a
Law
999
_c
31666
_d
31666